| 000 | 00644nam a2200217Ii 4500 | ||
|---|---|---|---|
| 003 | JO-AjNU | ||
| 008 | 230606s9999||||xx |||||||||||||| ||und|| | ||
| 020 | _a978-0-538-48070-3/0-538-48070-x | ||
| 040 |
_aJO-AjNU _beng _erda _cJO-AjNU |
||
| 041 | _aeng | ||
| 050 | 1 | 4 | _aT58.64.2011 |
| 100 | 3 |
_aSchwalbe,Kathy, _eauthor _91115 |
|
| 245 | 0 | 0 | _aManaging information Technology Projects |
| 250 | _a6 ed | ||
| 264 | 3 | 1 | _aAustalia:course technology,2011 |
| 300 | _a489p | ||
| 336 |
_atext _btxt _2rdacontent |
||
| 337 |
_aunmediated _bn _2rdamedia |
||
| 338 |
_avolume _bnc _2rdacarrier |
||
| 650 | 4 |
_aManaging information Technology Projects _91116 |
|
| 999 |
_aE584 _c584 _d584 |
||